000 00632nam a22002177a 4500
005 20170124105943.0
010 _aA-682517
020 _c75.00
035 _aA-682517
037 _bCen Lib/Ret
040 _aDPL
_bEN
082 _a250
_bKAU
100 _aKausalyayan, Bhadanta Ananda
_911655
245 _aAn intelligent man's guide to Buddhism /
_cby Bhadanta Ananda Kausalyayan
260 _aNagpur
_bBuddha Bhoomi Prakashan
_c1992
270 _aKamptee Road
_bNagpur
_e441002
300 _a176p.
_c20cm(Hb)
650 _a Buddhism
_91068
650 _aBuddha Dharma
_971956
942 _2ddc
_cEN
_h250
_mKAU
999 _c124701
_d124701